000 00285nam a22001337a 4500
020 _a978-81-300-1693-1
082 _a894.812.3
_bPRI/J
100 _aA.S PRIYA
245 _aJAGAROOKA
260 _aKOZHIKODE
_bPOORNA
300 _a80
650 _aNOVEL -MALAYALAM
_zKERALA
942 _cBK
999 _c7172
_d7172